Diseño precolombino en Costa Rica: análisis de objetos de cerámica y piedra del Museo Nacional (Registro nro. 7891)
[ vista simple ]
| 000 -Cabecera | |
|---|---|
| Campo de control de longitud fija | 00754nam a2200277 4500 |
| 005 - Fecha y hora de la última transacción | |
| Campo de control | 20240524132132.0 |
| 008 - Elementos de longitud fija--Información general | |
| Campo de control de longitud fija | 160404b xxu||||| |||| 00| 0 spa d |
| 020 ## - International Standard Book Number | |
| Número Internacional Estándar del Libro (ISBN) | 9789968465588 |
| 041 ## - Idioma | |
| Código de idioma | Español |
| 082 ## - Clasificación Decimal Dewey | |
| Número de clasificación | 745.409.728.6 V297d |
| 100 ## - Entrada principal--Autor personal | |
| Nombre personal | Vargas Benavides, Henry Orlando |
| 9 (RLIN) | 7636 |
| 245 ## - Título propiamente dicho | |
| Título | Diseño precolombino en Costa Rica: análisis de objetos de cerámica y piedra del Museo Nacional |
| 260 ## - Pie de imprenta | |
| Lugar de publicación, distribución, etc. | Costa Rica |
| 260 ## - Pie de imprenta | |
| Nombre del editor, distribuidor, etc. | EUCR |
| 260 ## - Pie de imprenta | |
| Fecha de publicación, distribución, etc. | 2015 |
| 300 ## - Descripción física | |
| Extensión | 160 páginas |
| 650 ## - Materia general | |
| Temática (materia general) | ARTE PRECOLOMBINO |
| 650 ## - Materia general | |
| Temática (materia general) | COSTA RICA |
| 650 ## - Materia general | |
| Temática (materia general) | ARTE COSTARRICENSE |
| 650 ## - Materia general | |
| Temática (materia general) | PROPORCIÓN |
| 650 ## - Materia general | |
| Temática (materia general) | COLOR EN ARTE |
| 650 ## - Materia general | |
| Temática (materia general) | ARTE INDÍGENA |
| 650 ## - Materia general | |
| Temática (materia general) | RESTOS ARQUEOLÓGICOS |
| 942 ## - Punto de acceso adicional KOHA | |
| Tipo de ítem KOHA | Libro |
| Fuente del sistema de clasificación o colocación | Dewey Decimal Classification |
| Signatura completa | Código de barras | Programa Académico | Tipo de ítem |
|---|---|---|---|
| 745.409.728.6 V297d | 20979 | Turismo | Libro |
| 745.409.728.6 V297d | 21507 | Turismo | Libro |